000
00300nam a2200133Ia 4500
008
240913s9999||||xx |||||||||||||| ||und||
082
_a
830 BOY/G
100
_a
Nicholas Boyle
245
0
_a
German Literature
250
_a
NULL
260
_b
Oxford
_a
Calcutta
_c
2008
300
_a
171
942
_c
BKS
999
_c
14690
_d
14690